000 00807nam a22002777a 4500
005 20260416115457.0
008 240215b |||||||| |||| 00| 0 spa d
020 _a9788441541627
041 _aESP
082 _a005.8 C112c
100 _aCaballero Velasco, María Ángeles
100 _aCilleros Serrano, Diego
245 _aCiberseguridad y transformación digital: cloud, identidad digital, blockchain, agile, inteligencia artificial
260 _aEspaña
260 _bAnaya
260 _c2020
300 _a311 páginas
490 _aTecnologías de la Información
_aBig Data
650 _aCIBERSEGURIDAD
650 _aTRANSFORMACIÓN DIGITAL
650 _aREALIDAD VIRTUAL
650 _aINTELIGENCIA ARTIFICIAL
650 _aTECNOLOGÍA
942 _2ddc
_cBK
999 _c13645
_d13645